[Event "Decin op-A"]
[Site "Decin"]
[Date "1998.??.??"]
[Round "9"]
[White "Kholmov, Ratmir D"]
[Black "Kubala, Martin"]
[Result "0-1"]
[WhiteElo "2480"]
[BlackElo "2295"]
[PlyCount "78"]
[EventDate "1998.08.??"]
[EventType "swiss"]
[EventRounds "10"]
[EventCountry "CZE"]
[SourceTitle "EXT 2000"]
[Source "ChessBase"]
[SourceDate "1999.11.16"]
[SourceVersion "1"]
[SourceVersionDate "1999.11.16"]
[SourceQuality "1"]

1. e4 e6 2. d4 d5 3. Nd2 c5 4. dxc5 Bxc5 5. Nb3 Bd6 6. exd5 exd5 7. Bb5+ Nc6 8. Nf3 Nge7 9. 0-0 0-0 10. Bg5 f6 11. Bh4 Kh8 12. Bg3 Ne5 13. Re1 Qc7 14. Nfd4 a6 15. Bf1 Bg4 16. f3 Bd7 17. c3 Rfc8 18. Kh1 b5 19. a3 Rab8 20. Rc1 Qd8 21. Nc2 Qe8 22. Nb4 Qh5 23. Nxd5 Nd3 24. Bxd6 Nf2+ 25. Kg1 Nxd1 26. Nf4 Qf7 27. Nd4 Nf5 28. Nxf5 Bxf5 29. Rcxd1 Rb7 30. g4 Bg6 31. Rd4 Rd7 32. Red1 Rcd8 33. R1d2 Bb1 34. c4 Rxd6 35. Rxd6 Rxd6 36. Rxd6 Qc7 37. Rxa6 h6 38. Ne6 Qb7 39. Nc5 Qxf3 0-1

[Event "Decin op-A"]
[Site "Decin"]
[Date "1998.??.??"]
[Round "8"]
[White "Kubala, Martin"]
[Black "Hermansson, Emil"]
[Result "1/2-1/2"]
[WhiteElo "2295"]
[BlackElo "2340"]
[PlyCount "86"]
[EventDate "1998.08.??"]
[EventType "swiss"]
[EventRounds "10"]
[EventCountry "CZE"]
[SourceTitle "EXT 2000"]
[Source "ChessBase"]
[SourceDate "1999.11.16"]
[SourceVersion "1"]
[SourceVersionDate "1999.11.16"]
[SourceQuality "1"]

1. d4 Nf6 2. c4 g6 3. Nc3 Bg7 4. e4 d6 5. f3 0-0 6. Be3 c5 7. dxc5 dxc5 8. e5 Nfd7 9. f4 Nc6 10. Nf3 f6 11. exf6 Nxf6 12. Qxd8 Rxd8 13. Bxc5 b6 14. Ba3 e5 15. c5 exf4 16. Bc4+ Kh8 17. 0-0 Ng4 18. Rfd1 Bb7 19. Rd6 Ne3 20. Bb3 Nd4 21. Rxd8+ Rxd8 22. Ng5 Rd7 23. Ba4 b5 24. Nxb5 Nxb5 25. Bxb5 Rd2 26. Nf7+ Kg8 27. c6 Ba8 28. Nd6 Bxb2 29. Bxb2 Rxg2+ 30. Kh1 Rxb2 31. a4 a6 32. Nc4 Rc2 33. Ne5 Kf8 34. Bxa6 Bxc6+ 35. Nxc6 Rxc6 36. Bb5 Rc5 37. Bd3 Rc3 38. Be4 Rc4 39. Bf3 Nc2 40. Rc1 Ne3 41. Rxc4 Nxc4 42. Be2 Na5 43. Kg2 Kf7 1/2-1/2

[Event "Decin op-A"]
[Site "Decin"]
[Date "1998.??.??"]
[Round "2"]
[White "Kubala, Martin"]
[Black "Vyparina, Matej"]
[Result "1-0"]
[WhiteElo "2295"]
[BlackElo "2120"]
[PlyCount "25"]
[EventDate "1998.08.??"]
[EventType "swiss"]
[EventRounds "10"]
[EventCountry "CZE"]
[SourceTitle "EXT 2000"]
[Source "ChessBase"]
[SourceDate "1999.11.16"]
[SourceVersion "1"]
[SourceVersionDate "1999.11.16"]
[SourceQuality "1"]

1. d4 Nf6 2. c4 Nc6 3. Nf3 e6 4. Nc3 Bb4 5. e3 d6 6. Be2 0-0 7. 0-0 e5 8. Nd5 e4 9. Nd2 Re8 10. Nb3 Bf5 11. a3 Ba5 12. Nxf6+ Qxf6 13. d5 1-0